000 00318nam a22001337a 4500
008 170619b xxu||||| |||| 00| 0 eng d
020 _a9781558151284
041 _aeng
080 _a32
100 _a20
101 _aSHP
245 _aPRIVATIZATION OF PUBLIC ENTERPRISES IN LATIN AMERICA
_cGLADE,W
942 _2udc
_cBK
999 _c17996
_d17996